Central Library OPAC University of Rajshahi
Normal view MARC view

Entry Geographic Name

Number of records used in: 7

001 - CONTROL NUMBER

  • control field: 4104

003 - CONTROL NUMBER IDENTIFIER

  • control field: BD-RjUL

005 - DATE AND TIME OF LATEST TRANSACTION

  • control field: 20220724170909.0

008 - FIXED-LENGTH DATA ELEMENTS

  • fixed length control field: 220724|| aca||aabn | a|a d

040 ## - CATALOGING SOURCE

  • Original cataloging agency: BD-RjUL
  • Transcribing agency: BD-RjUL

151 ## - HEADING--GEOGRAPHIC NAME

  • Geographic name: India
  • General subdivision: Economic conditions
  • Chronological subdivision: 1945-

670 ## - SOURCE DATA FOUND

  • Source citation: Work cat.: (BD-RjUL)2709: Venkatasubbiah, Hiranyappa 8711, Indian economy since independence /, c1961